000
00267nam a22001097a 4500
008
230703b xxu||||| |||| 00| 0 eng d
082
_a
342.
_b
KON 1968
245
_a
Bill of Rights Reader
260
_b
Cornell University
_c
1968
300
_a
XXIV,1198p
942
_2
ddc
_c
BK
999
_c
3531
_d
3531